000 00325nam a2200145Ia 4500
100 _aGraham/neill
942 _cBK
654 _apascal
245 _aProgramming & problem solving with pascal
260 _bJaico publishing
_aBombay
_c1992
082 _a001.6424P
_bGRA
300 _a519
546 _aENGLISH
999 _c30886
_d30886